Reseña histórica en su XXVII aniversario : [CNTE] (Record no. 76198)
[ view plain ]
| 000 -CABECERA | |
|---|---|
| campo de control de longitud fija | 00593nam a2200193 a 4500 |
| 005 - FECHA Y HORA DE LA ÚLTIMA TRANSACCIÓN | |
| campo de control | 20210223124025.0 |
| 008 - ELEMENTOS DE LONGITUD FIJA--INFORMACIÓN GENERAL | |
| campo de control de longitud fija | 991125n 000 0 spa u |
| 035 ## - NÚMERO DE CONTROL DEL SISTEMA | |
| Número de control de sistema | UPN01000097506 |
| 100 1# - ASIENTO PRINCIPAL--NOMBRE PERSONAL | |
| Nombre de persona | Alvarez Constantino, Higilio |
| 9 (RLIN) | 28713 |
| 222 ## - TÍTULO CLAVE | |
| Título clave | EDUCACION : |
| Información calificativa | REVISTA DEL CONSEJO NACIONAL TECNICO DE LA EDUCACION |
| 245 ## - MENCIÓN DE TÍTULO | |
| Título | Reseña histórica en su XXVII aniversario : [CNTE] |
| 300 ## - DESCRIPCIÓN FÍSICA | |
| Extensión | 13-168 |
| 362 ## - FECHAS DE PUBLICACIÓN Y/O DESIGNACIÓN SECUENCIAL | |
| Fecha de publicación y/o designación secuencial | 1985, Vol. 9, 5a. época, n0. 43 (mar.-may.) |
| 653 0# - TERMINO DE INDIZACION - NO CONTROLADO | |
| Término no controlado | CNTE |
| 653 0# - TERMINO DE INDIZACION - NO CONTROLADO | |
| Término no controlado | HISTORIA |
| 653 0# - TERMINO DE INDIZACION - NO CONTROLADO | |
| Término no controlado | PUBLICACIONES PERIODICAS |
| 904 ## - ELEMENTOS DE DATOS D LOCAL, LDD (RLIN) | |
| a | AC |
| b | 035317 |
| 905 ## - TIPO DE MATERIAL | |
| Tipo de material | Articulo |
No items available.
